| 000 | 00438nam a22001577a 4500 | ||
|---|---|---|---|
| 003 | OSt | ||
| 005 | 20221026195755.0 | ||
| 008 | 221021b |||||||| |||| 00| 0 eng d | ||
| 040 | _cBiblioteca LadoV | ||
| 082 |
_a702 _bAR784ar |
||
| 130 |
_aArt| Basel Conversations _lingles |
||
| 245 | _aArt | Basel Conversations 2007/ | ||
| 260 |
_aMiami _c2007 |
||
| 300 |
_a211p. _c17x22cm |
||
| 942 |
_2ddc _c1 _h702 _iAR784ar _n0 |
||
| 999 |
_c2357 _d2357 |
||